Music Quiz

Random Music or Billboard Quiz

Billboard Hits: Songs In Black Quiz Stats

 Plays Quiz not verified by Sporcle

Score 0/156 Timer 10:00
0 Plays Today
ARTIST SONG % Correct
SONGBACK IN BLACK
78.9%
ARTISTAC-DC
76.3%
SONGBLACK OR WHITE
61.8%
SONGBLACK OR WHITE
61.8%
SONGPAINT IT, BLACK
60.5%
ARTISTMICHAEL JACKSON
59.2%
ARTISTTHE ROLLING STONES
53.9%
SONGBLACK & WHITE
46.1%
SONGBACK TO BLACK
43.4%
SONGBLACK VELVET
42.1%
SONGBLACK CAT
34.2%
SONGBLACK DOG
34.2%
SONGBLACK DOG
34.2%
ARTISTALANNAH MYLES
32.9%
ARTISTLED ZEPPELIN
32.9%
ARTISTTHREE DOG NIGHT
31.6%
ARTISTJANET JACKSON
28.9%
SONGBLACK BETTY
28.9%
SONGBLACK WATER
27.6%
ARTISTTHE DOOBIE BROTHERS
26.3%
SONGBLACKBIRD
25%
SONGBLACK AND BLUE
25%
SONGBLACK IS BLACK
23.7%
SONGBLACK WIDOW
21.1%
ARTISTWIZ KHALIFA
19.7%
SONGBLACK MAGIC WOMAN
19.7%
SONGBLACK AND YELLOW
19.7%
ARTISTIGGY AZALEA
18.4%
ARTISTJAMES BROWN
18.4%
ARTISTRAM JAM
18.4%
SONGMAN IN BLACK
18.4%
SONGSAY IT LOUD - I'M BLACK AND I'M PROUD
17.1%
ARTISTTHE HOLLIES
15.8%
ARTISTSANTANA
15.8%
ARTISTLOS BRAVOS
14.5%
ARTISTJOHNNY CASH
14.5%
SONGWELCOME TO THE BLACK PARADE
14.5%
SONGLONG COOL WOMAN (IN A BLACK DRESS)
14.5%
ARTISTMY CHEMICAL ROMANCE
13.2%
ARTISTGLEE CAST
11.8%
ARTISTGLEE CAST
11.8%
ARTISTNEIL YOUNG
11.8%
ARTISTGLEE CAST
11.8%
ARTISTSOUNDGARDEN
11.8%
ARTISTGOO GOO DOLLS
10.5%
ARTISTPEARL JAM
10.5%
SONGBLACK BALLOON
10.5%
SONGBLACK NIGHT
10.5%
SONGRUST NEVER SLEEPS (HEY HEY, MY MY(INTO THE BLACK))
10.5%
SONGBLACK NIGHT
10.5%
ARTISTVAN HALEN
9.2%
ARTISTPRINCE
9.2%
ARTIST SONG % Correct
SONGBLACK PEARL
9.2%
ARTISTKANYE WEST
7.9%
ARTISTWILL SMITH
7.9%
SONGBLACK CARS
7.9%
SONGBLACKOUT
7.9%
SONGBLACK HORSE & THE CHERRY TREE
7.9%
SONGBLACK SLACKS
7.9%
SONGBLACK HORSE AND THE CHERRY TREE
7.9%
ARTISTSONNY CHARLES
6.6%
ARTISTKT TUNSTALL
6.6%
ARTISTKENNY WAYNESHEPHERD BAND
6.6%
SONGBLACK COFFEE
6.6%
SONGTHAT OLD BLACK MAGIC
6.6%
SONGBLACK FRIDAY
6.6%
SONGTHAT OLD BLACK MAGIC
6.6%
SONGTHAT OLD BLACK MAGIC
6.6%
SONGBLUE ON BLACK
6.6%
SONGBLACK RAIN
6.6%
ARTISTTHE CHEERS
5.3%
ARTISTTHE KINGSTON TRIO
5.3%
ARTISTVAUGHN MONROE
5.3%
ARTISTGINO VANNELLI
5.3%
ARTISTTHE ISLEY BROTHERS
5.3%
SONGREVEREND MR. BLACK
5.3%
SONGBLACK DENIM TROUSERS
5.3%
SONGBLACK SUPERMAN MUHAMMAD ALI
5.3%
SONGTO BE YOUNG, GIFTED AND BLACK
5.3%
ARTISTJOE BENNETT AND THE SPARKLETONES
3.9%
ARTISTSTEELY DAN
3.9%
ARTISTDEEP PURPLE
3.9%
ARTISTSYL JOHNSON
3.9%
ARTISTNINA SIMONE
3.9%
ARTISTBILLY PAUL
3.9%
ARTISTTHE NIGHTCRAWLERS
3.9%
SONGBLACK ICE (SKY HIGH)
3.9%
SONGBLACK DENIM TROUSERS AND MOTORCYCLE BOOTS
3.9%
SONGLITTLE BLACK BOOK
3.9%
SONGSPIN THE BLACK CIRCLE
3.9%
SONGBLACK SWEAT
3.9%
SONGIS IT BECAUSE I'M BLACK
3.9%
SONGBLACK SHEEP
3.9%
SONGBLACK SKINHEAD
3.9%
SONGAM I BLACK ENOUGH FOR YOU
3.9%
SONGBLACK BERRIES - PT 1
3.9%
SONGTHE LITTLE BLACK EGG
3.9%
SONGBLACK NIGHTS
3.9%
SONGBLACK CLOUD
3.9%
ARTISTHORST JANKOWSKI
2.6%
ARTISTSAMMY DAVIS JR.
2.6%
ARTISTLOUIS PRIMA AND KEELY SMITH
2.6%
ARTISTBOBBY RYDELL
2.6%
ARTISTJIMMY DEAN
2.6%
ARTIST SONG % Correct
ARTISTCHRIS YOUNG
2.6%
ARTISTPAPER LACE
2.6%
ARTISTMISTA
2.6%
ARTISTM+M
2.6%
ARTISTSAM THE SHAM AND THE PHARAOHS
2.6%
ARTISTNEWCITY ROCKERS
2.6%
ARTISTFRANKIE MILLER (OF 1961)
2.6%
ARTISTWINK MARTINDALE
2.6%
ARTISTDONALD BYRD
2.6%
ARTISTLOWELL FULSOM
2.6%
ARTISTCHUBBY CHECKER
2.6%
ARTISTBOBBY BLAND
2.6%
SONGBLACK FOX
2.6%
SONGTHE BLACK-EYED BOYS
2.6%
SONGA WALK IN THE BLACK FOREST
2.6%
SONGGETTIN' YOU HOME (THE BLACK DRESS SONG)
2.6%
SONGBLACK STATIONS / WHITE STATIONS
2.6%
SONGBLACK KISSES (NEVER MAKE YOU BLUE)
2.6%
SONGBLACK LAND FARMER
2.6%
SONGBLACK LAND FARMER
2.6%
SONGBLACK BYRD
2.6%
SONGBLACK LEATHER
2.6%
ARTISTJOHNNY WAKELIN AND THE KINSHASA
1.3%
ARTISTBREATHE CAROLINA
1.3%
ARTISTKEITH URBAN
1.3%
ARTISTCARRIE UNDERWOOD
1.3%
ARTISTGOODIE MOB
1.3%
ARTISTCHEECH & CHONG
1.3%
ARTISTFREDDY ROBINSON
1.3%
ARTISTHEAVY D & THE BOYZ
1.3%
ARTISTJOSH TURNER
1.3%
ARTISTTHE CABOOSE
1.3%
ARTISTDIGABLE PLANETS
1.3%
ARTISTCURTIE & THE BOOMBOX
1.3%
ARTISTCASEY WESTON
1.3%
ARTISTTHE MAIN INGREDIENT
1.3%
ARTISTDAVE MASON
1.3%
ARTISTKINGS OF THE SUN
1.3%
ARTISTWHATNAUTS
1.3%
ARTISTJOE COCKER
1.3%
SONGBLACKBERRY MOLASSES
1.3%
SONGBLACK LASSIE
1.3%
SONGTWO BLACK CADILLACS
1.3%
SONGWHERE THE BLACKTOP ENDS
1.3%
SONGLONG BLACK TRAIN
1.3%
SONGBLACK SUITS COMIN' (NOD YA HEAD)
1.3%
SONGBLACK HANDS WHITE COTTON
1.3%
SONG9TH WONDER (BLACKITOLISM)
1.3%
SONGBLACK SEEDS KEEP ON GROWING
1.3%
SONGSATIN RED AND BLACK VELVET WOMAN
1.3%
SONGMESSAGE FROM A BLACK MAN
1.3%
SONGBLACK-EYED BLUES (B-SIDE)
1.3%

You're not logged in!

Compare scores with friends on all Sporcle quizzes.
OR
Log In

Sporcle TV

Today on Sporcle TV


Watch our educational content, quiz creation guides, and fun videos on Sporcle TV.

Show Comments

Extras

Top Quizzes Today


Score Distribution

Your Account Isn't Verified!

In order to create a playlist on Sporcle, you need to verify the email address you used during registration. Go to your Sporcle Settings to finish the process.

Report this User

Report this user for behavior that violates our Community Guidelines.

Details: